000 00688nam a2200265Ia 4500
005 20260121161441.0
008 008 260114s9999 xx 000 0 eng d
020 _a9781315818979
037 _aEBOOK
040 _aCRL
040 _beng
040 _cCRL
041 _2eng
041 _aeng
084 _qCRL
100 _aItō Hirobumi - Japan's First Prime Minister and Father of the Meiji Constitution
_91045012
245 0 _aTakii Kazuhiro
260 _bTaylor and Francis
260 _c2014
650 _aAsian Studies
_91045013
856 _uhttp://www.taylorfrancis.com/books/9781315818979
942 _cEBOOK
999 _c1610914
_d1610914